| 000 | 00504nam a2200181Ia 4500 | ||
|---|---|---|---|
| 005 | 20250508153637.0 | ||
| 008 | 008 250505s9999 xx 000 0 eng d | ||
| 037 | _aTextual | ||
| 040 |
_aFEDL _beng _cFEDL |
||
| 041 |
_aeng _2eng |
||
| 084 |
_a910.7, WEL _qFEDL |
||
| 100 |
_aWelpton W P _9756251 |
||
| 245 | 0 | _aTeaching of geography | |
| 260 |
_aLondon, UK _bUniversity Tutorial Press Limited _c1923 |
||
| 300 | _avii,159p. | ||
| 942 |
_cTEXL _h910.7, WEL |
||
| 999 |
_c1344598 _d1344598 |
||